<?xml version="1.0" encoding="UTF-8"?>
<record
    xmlns:xsi="http://www.w3.org/2001/XMLSchema-instance"
    xsi:schemaLocation="http://www.loc.gov/MARC21/slim http://www.loc.gov/standards/marcxml/schema/MARC21slim.xsd"
    xmlns="http://www.loc.gov/MARC21/slim">

  <leader>01554nam a22002297a 4500</leader>
  <controlfield tag="005">20220103102600.0</controlfield>
  <controlfield tag="008">220103b           ||||| |||| 00| 0 eng d</controlfield>
  <datafield tag="020" ind1=" " ind2=" ">
    <subfield code="a">0198509790</subfield>
  </datafield>
  <datafield tag="040" ind1=" " ind2=" ">
    <subfield code="c">AL</subfield>
  </datafield>
  <datafield tag="041" ind1=" " ind2=" ">
    <subfield code="a">eng</subfield>
  </datafield>
  <datafield tag="082" ind1=" " ind2=" ">
    <subfield code="2">23</subfield>
    <subfield code="a">355.4</subfield>
    <subfield code="b">INTM</subfield>
  </datafield>
  <datafield tag="100" ind1=" " ind2=" ">
    <subfield code="a">International Institute For Strategic Studies</subfield>
    <subfield code="9">12253</subfield>
  </datafield>
  <datafield tag="245" ind1=" " ind2=" ">
    <subfield code="a">Military Balance 2001-2002</subfield>
  </datafield>
  <datafield tag="260" ind1=" " ind2=" ">
    <subfield code="a">London:</subfield>
    <subfield code="b">Oxford University Press,</subfield>
    <subfield code="c">2002.</subfield>
  </datafield>
  <datafield tag="300" ind1=" " ind2=" ">
    <subfield code="a">320 p.</subfield>
    <subfield code="b">PB</subfield>
    <subfield code="c">24x18 cm.</subfield>
  </datafield>
  <datafield tag="520" ind1=" " ind2=" ">
    <subfield code="a">The IISS have been publishing this annual for many years and it has become the
authoritative reference work for data on world armed forces*. It consists mainly of
comprehensive listings of the orders of battle of each nation's armed forces. Data includes
numbers, types of platforms, command and organisational sturctures. Commentary is also
provided for each of the major regions that the work is divided into i.e.the United States,
NATO-Europe, Non-NATO Europe, Asia, etc. These sections are chiefly concerned with
defence procurement issues.
For more in depth analysis of strategic and geopolitical issues one should look at the
companion annual Strategic Survey which is also published by the Institute.
*Jane's publish more detailed annuals separately for Navies, Air Forces etc but
The Military Balance is the best overview in a single volume.</subfield>
  </datafield>
  <datafield tag="650" ind1=" " ind2=" ">
    <subfield code="a">Military Science</subfield>
    <subfield code="9">12248</subfield>
  </datafield>
  <datafield tag="650" ind1=" " ind2=" ">
    <subfield code="a">NATO and Non Nato Europe</subfield>
    <subfield code="9">12249</subfield>
  </datafield>
  <datafield tag="650" ind1=" " ind2=" ">
    <subfield code="a">European Rapid Reaction Force</subfield>
    <subfield code="9">12250</subfield>
  </datafield>
  <datafield tag="700" ind1=" " ind2=" ">
    <subfield code="a">INTERNATIONAL INSTITUTE FOR STRATEGIC STUDIES</subfield>
    <subfield code="9">12251</subfield>
  </datafield>
  <datafield tag="942" ind1=" " ind2=" ">
    <subfield code="2">ddc</subfield>
    <subfield code="c">GF</subfield>
  </datafield>
  <datafield tag="999" ind1=" " ind2=" ">
    <subfield code="c">221041</subfield>
    <subfield code="d">221041</subfield>
  </datafield>
  <datafield tag="952" ind1=" " ind2=" ">
    <subfield code="0">0</subfield>
    <subfield code="1">0</subfield>
    <subfield code="2">ddc</subfield>
    <subfield code="4">0</subfield>
    <subfield code="7">0</subfield>
    <subfield code="8">OTH</subfield>
    <subfield code="a">AL</subfield>
    <subfield code="b">AL</subfield>
    <subfield code="d">2013-03-24</subfield>
    <subfield code="l">4</subfield>
    <subfield code="m">1</subfield>
    <subfield code="o">355.4 INTM</subfield>
    <subfield code="p">GF00393</subfield>
    <subfield code="r">2025-09-09 10:07:57</subfield>
    <subfield code="s">2025-09-01</subfield>
    <subfield code="w">2022-01-03</subfield>
    <subfield code="y">GF</subfield>
  </datafield>
</record>
